| 000 | 00419pab a2200169 454500 | ||
|---|---|---|---|
| 008 | 180718b1955 xxu||||| |||| 00| 0 eng d | ||
| 100 | _aAppleby, Paul H. | ||
| 245 | _aConcerning ministers | ||
| 260 | _c1955 | ||
| 300 | _ap.89-91. | ||
| 362 | _aApr-Jun | ||
| 650 | _aCentral government | ||
| 650 | _aGovernment department | ||
| 773 | _aIndian Journal of Public Administration | ||
| 908 | _aN | ||
| 909 | _a100742 | ||
| 999 |
_c100741 _d100741 |
||